000 00789nam a2200217Ia 4500
003 GCL
008 140319s9999 xx 000 0 ara d
020 _a9990600708
040 _aGCL /
_cGCL
082 0 4 _aد
_b050
100 1 _aعفيفى محمود
245 1 0 _aهذا هو علم البيولوجيا : دراسة في ماهية الحياة والاحياء ( عالم المعرفة 277) /
_cعفيفى محمود
700 1 _aماير، ارنست
260 _aالكويت :
_bالمجلس الوطنى للثقافة والفنون والاداب ،
_c2002
300 _a301 ص ؛
_c20 سم
490 _aعالم المعرفة
_v277
650 0 4 _aعلم الاحياء
650 0 4 _aالبيولوجيا
650 0 4 _aالكائنات الحية
942 _2ddc
_cBK
999 _c50266
_d50266